Statistics for Top 10 NBA Players (NBA 2K11)

Click here to take the quiz!

General Stats

  • This quiz has been taken 5,265 times
  • The average score is 6 of 12

Answer Stats

RankRatingPlayer% Correct
197LeBron James
99%
397Kobe Bryant
88%
297Dwyane Wade
74%
791Kevin Durant
74%
495Chris Paul
52%
890Tim Duncan
51%
989Pau Gasol
50%
1088Dwight Howard
48%
593Carmelo Anthony
47%
692Deron Williams
22%
1088Joe Johnson
14%
1088Brandon Roy
7%

Score Distribution

Percentile by Number Answered

Percent of People with Each Score

Your Score History

You have not taken this quiz